LIBRARY & INFORMATION CENTRE, KCAET, TAVANUR

ONLINE PUBLIC ACCESS CATALOGUE (OPAC)

Panchayathi raj and Bureaucracy / (Record no. 12084)

MARC details
000 -LEADER
fixed length control field 00448cam a2200169ua 4500
041 ## - LANGUAGE CODE
Language code of text/sound track or separate title eng
082 ## - DEWEY DECIMAL CLASSIFICATION NUMBER
Classification number 352.00722
Item number GAI/PA
100 ## - MAIN ENTRY--AUTHOR NAME
Personal name Gaikwal, V.R .
245 ## - TITLE STATEMENT
Title Panchayathi raj and Bureaucracy /
260 ## - PUBLICATION, DISTRIBUTION, ETC. (IMPRINT)
Place of publication Hyderabad :
Name of publisher National Institute of Community Development ,
Year of publication 1969.
300 ## - PHYSICAL DESCRIPTION
Number of Pages 77 ; .
942 ## - ADDED ENTRY ELEMENTS (KOHA)
Koha item type Books
Holdings
Withdrawn status Lost status Damaged status Home library Current library Date acquired Full call number Accession Number Koha item type
      KAUAET KAUAET 07/04/2012 352.00722 13068 Books
free website counter